000
00190nam a2200109Ia 4500
100
_a
#N/A
942
_c
BK
245
_a
stolen Fish - 2
260
_b
#N/A
546
_a
ENGLISH
999
_c
29442
_d
29442